IMDb's Top 100 Christmas Movies Of All Time - Statistics

General Stats
  • This quiz has been taken 142 times
  • The average score is 18 of 100
Answer Stats
Rank Movie Metascore Length Year % Correct
2 Home Alone 63 1h 43m 1990
91%
3 Die Hard 72 2h 12m 1988
85%
1 It's a Wonderful Life 89 2h 10m 1946
81%
7 Elf 66 1h 27m 2003
77%
16 The Santa Clause 57 1h 37m 1994
73%
28 How the Grinch Stole Christmas 46 1h 44m 2000
67%
9 Miracle on 34th Street 88 1h 36m 1947
64%
4 A Christmas Carol NA 1h 26m 1971
61%
5 Rudolph the Red-Nosed Reindeer NA 47m 1964
57%
8 National Lampoon's Christmas Vacation 49 1h 37m 1989
53%
6 A Christmas Story 77 1h 33m 1983
52%
13 The Polar Express 61 1h 40m 2004
50%
23 Love Actually 55 2h 15m 2005
48%
24 Frosty the Snowman NA 25m 1969
47%
38 Jingle All The Way 34 1h 29m 1996
47%
19 The Nightmare Before Christmas 82 1h 16m 1993
46%
15 Scrooged 38 1h 48m 1988
43%
31 White Christmas 56 2h 1954
43%
11 Bad Santa 70 1h 32m 2003
42%
63 Christmas with the Kranks 22 1h 39m 2004
42%
100 Jack Frost 50 1h 41m 1998
42%
17 A Charlie Brown Christmas NA 25m 1965
33%
10 Gremlins 70 1h 46m 1984
32%
40 The Christmas Chronicles 52 1h 44m 2018
29%
85 Deck the Halls 28 1h 33m 2006
26%
44 Krampus 49 1h 38m 2015
25%
36 Red One 34 2h 3m 2024
21%
62 Noel 29 1h 36m 2004
19%
21 Silent Night NA 1h 40m 2002
19%
84 Silent Night 53 1h 44m 2023
19%
34 Violent Night 55 1h 52m 2022
18%
42 Last Christmas 50 1h 43m 2019
15%
50 The Year Without a Santa Claus NA 51m 1974
15%
37 Black Christmas 65 1h 38m 1974
14%
61 Christmas in Connecticut 62 1h 41m 1945
13%
12 Edward Scissorhands 74 1h 45m 1990
13%
49 Prancer NA 1h 43m 1989
13%
29 The Little Drummer Boy NA 25m 1968
13%
27 The Night Before 58 1h 41m 2015
13%
22 The Family Man 42 2h 5m 2000
12%
86 I'll Be Home for Christmas NA 1h 26m 1998
11%
14 Trading Places 69 1h 56m 1983
11%
39 Batman Returns 68 2h 6m 1992
10%
97 Ernest Saves Christmas 44 1h 31m 1988
8%
53 Santa Claus Is Comin' to Town NA 48m 1970
8%
30 The Holdovers 82 2h 13m 2023
8%
26 The Shop Around the Corner 96 1h 39m 1940
8%
25 8-bit Christmas 66 1h 37m 2021
7%
20 Happiest Season 69 1h 42m 2020
7%
46 The Ref 59 1h 37m 1994
7%
33 A Christmas Tale NA 1h 44m 2021
6%
60 A Christmas Tale 84 2h 30m 2008
6%
43 Surviving Christmas 19 1h 31m 2004
6%
76 A Very Harold & Kumar Christmas 61 1h 30m 2011
5%
47 Candy Cane Lane 47 1h 57m 2023
5%
72 Dear Santa 34 1h 47m 2024
5%
64 Holiday Affair 63 1h 27m 1949
5%
18 Joyeux Noel 70 1h 56m 2005
5%
54 The Bishop's Wife 73 1h 49m 1947
5%
98 All I Want for Christmas NA 1h 32m 1991
4%
55 Just Friends 47 1h 36m 2005
4%
67 One Magic Christmas NA 1h 29m 1985
4%
57 Serendipity 52 1h 30m 2001
4%
93 The Christmas Shoes NA 1h 40m 2002
4%
48 A Boy Called Christmas 61 1h 46m 2021
3%
35 A Christmas Story Christmas 55 1h 38m 2022
3%
32 Better Watch Out 67 1h 39m 2016
3%
75 It Happened on Fifth Avenue 66 1h 56m 1947
3%
41 Terrifier 3 62 2h 5m 2024
3%
71 The Lemon Drop Kid NA 1h 31m 1951
3%
58 The Nativity Story 52 1h 41m 2006
3%
56 The Snowman NA 26m 1982
3%
69 12 Dates of Christmas NA 1h 30m 2011
2%
87 A Boyfriend for Christmas NA 1h 34m 2004
2%
92 A Sudden Case of Christmas NA 1h 31m 2024
2%
68 Beyond Tomorrow NA 1h 24m 1940
2%
81 Friday After Next 35 1h 25m 2002
2%
77 Operation Christmas Drop 47 1h 35m 2020
2%
45 Remember the Night 78 1h 34m 1939
2%
73 The Christmas Card NA 1h 24m 2006
2%
89 The Most Wonderful Time of the Year NA 1h 28m 2008
2%
88 The Naughty Nine NA 1h 23m 2023
2%
78 Trapped in Paradise 31 1h 51m 1994
2%
74 12 Days of Giving NA 1h 27m 2017
1%
94 A Grandpa for Christmas NA 1h 24m 2007
1%
95 All I Want Is Christmas NA 1h 40m 2012
1%
91 A Season for Miracles NA 1h 40m 1999
1%
59 Christmas in Boston NA 1h 30m 2005
1%
65 Crown for Christmas NA 1h 26m 2015
1%
90 Grumpy Cat's Worst Christmas Ever NA 1h 27m 2014
1%
70 Kristin's Christmas Past NA 1h 26m 2014
1%
52 Lovely, Still 57 1h 32m 2008
1%
79 Mrs. Miracle NA 1h 30m 2009
1%
82 Next Stop, Christmas NA 1h 24m 2021
1%
80 Nothing Like the Holidays 50 1h 35m 2008
1%
83 Pete's Christmas NA 1h 26m 2013
1%
51 The Disappearance of Haruhi Suzumiya NA 2h 42m 2010
1%
99 The Ultimate Christmas Present NA 1h 25m 2000
1%
96 Window Wonderland NA 1h 26m 2013
1%
66 Prancer: A Christmas Tale NA 1h 42m 2022
0%
No matching quizzes found
Score Distribution
Percent of People with Each Score
Percentile by Number Answered
Your Score History
You have not taken this quiz